[Event "Montreal op U2000"]
[Site "Montreal"]
[Date "2016.09.11"]
[Round "5.59"]
[White "Xu, Daniel"]
[Black "Sanyal, Prateek"]
[Result "0-1"]
[WhiteElo "1607"]
[BlackElo "1676"]
[PlyCount "64"]
[EventDate "2016.09.09"]
[EventType "swiss"]
[EventRounds "5"]
[EventCountry "CAN"]
[SourceTitle "EXT 2022"]
[Source "ChessBase"]
[SourceDate "2021.10.06"]
[SourceVersion "1"]
[SourceVersionDate "2021.10.06"]
[SourceQuality "1"]

1. e4 c5 2. c3 Nc6 3. d4 cxd4 4. cxd4 d6 5. Nc3 Nf6 6. f4 e5 7. dxe5 Bg4 8. Be2 Bxe2 9. Qxe2 dxe5 10. Nf3 Bd6 11. fxe5 Nxe5 12. Nxe5 Bxe5 13. Qb5+ Nd7 14. Be3 Bxc3+ 15. bxc3 Qh4+ 16. Kf1 Qxe4 17. Re1 a6 18. Qg5 Qc4+ 19. Kg1 0-0 20. Bd4 f6 21. Qd2 Rfe8 22. Kf2 Ne5 23. Bxe5 fxe5 24. Rhf1 Rad8 25. Qb2 Qc5+ 26. Ke2 e4 27. Qb3+ Kh8 28. Rd1 Qh5+ 29. Ke1 Rxd1+ 30. Qxd1 Qxh2 31. Qg4 e3 32. Qb4 Qg3+ 0-1